| 000 | 00591nam a2200181 a 4500 | ||
|---|---|---|---|
| 001 | 000019163 | ||
| 005 | 20200929165934.0 | ||
| 008 | 760616s1975 ve a b 000 0 spa | ||
| 040 |
_aDO-SdBNP _bspa _cBNPHU |
||
| 082 |
_axxxx _bxxxx |
||
| 100 | 1 |
_aPardo, Isaac J. _941251 |
|
| 245 | 1 | 0 |
_aEsta tierra de gracia : _bimagen de Venezuela en el siglo XVI / _cIsaac J. Pardo. |
| 250 | _a3a ed. | ||
| 260 |
_aCaracas : _bConcejo Municipal del Distrito Federal, _c1975. |
||
| 300 |
_a178 p. : _bil. ; _c28 cm. |
||
| 500 | _aIncluye notas al pie de las p?0ginas | ||
| 504 | _aBibliografía : p. 173-178 | ||
| 999 |
_c18681 _d18681 |
||